| 000 | 01257cab a2200457 4500 | ||
|---|---|---|---|
| 001 | ABS48518 | ||
| 008 | 090401t1993 xxu||||| |||| 00| 0 eng d | ||
| 035 | _a(Sirsi) u97873 | ||
| 041 | _aeng | ||
| 100 | _aGoodchild, S. | ||
| 245 | _aHigh speed link | ||
| 260 | _c1993 | ||
| 350 | _a0 | ||
| 490 |
_aCSW - The Property Week _v43(2) 8 April 1993, 18-19(2) |
||
| 520 | _aWith hopes for regeneration of derelict land by the building of a high-speed rail link to the Channel Tunnel and plans for developing the East Thames Corridor, identifies key sites and towns affected. Maps. | ||
| 650 | _aASHFORD | ||
| 650 | _aBARKING REACH | ||
| 650 | _aCHANNEL TUNNEL RAIL LINK | ||
| 650 | _aCHANNEL TUNNEL | ||
| 650 | _aCHATHAM | ||
| 650 | _aDARTFORD | ||
| 650 | _aDERELICT LAND | ||
| 650 | _aDOVER | ||
| 650 | _aEAST THAMES CORRIDOR | ||
| 650 | _aFOLKESTONE | ||
| 650 | _aGRAVESEND | ||
| 650 | _aGREENWICH | ||
| 650 | _aKINGS CROSS | ||
| 650 | _aMAIDSTONE | ||
| 650 | _aMEDWAY | ||
| 650 | _aRAINHAM MARSHES | ||
| 650 | _aROCHESTER | ||
| 650 | _aST PANCRAS | ||
| 650 | _aSTRATFORD | ||
| 650 | _aTHAMESMEAD | ||
| 650 | _aTHURROCK | ||
| 650 | _aWATERLOO | ||
| 690 | _aURBAN RENEWAL | ||
| 942 | _n0 | ||
| 948 | _c04/03/1997 | ||
| 999 |
_c59732 _d59732 |
||